000 00438nam a2200181Ia 4500
001 8631
005 20260306160624.0
008 260306t2006||||xx |||||||||||||| ||spa||
041 _aESP
082 _a371.201
_bA48A
100 _aAlvarado Oyarce, Otoniel
_eAUT
245 0 _aAdministración del personal docente
260 _c2006
300 _a185 páginas :
_c21 cm.
650 _aGEN
654 _aCED
942 _cLIB
_dJUS
_fJUS
_2ddc
_n
999 _c8631
_d8631